1772 1800 1998 1969 1877 1757 1304 1281 1873 1858 1144 1111 1898 1203 1860 1449 1159 1637 1127 1865 1022 1681 1686 1592 1209 1699 1848 1039 1886 1697 1857 1377 1394 1172 1620 1526 1658 1968 1169 1902 1009 1734 1411 1602 1015 1042 1444 1888 1433 1360 1096 1695 1093 1097 1222 1642 1600 1089 1148 1307 1990 1035 1769 1272 1983 1255 1519 1834 1613 1876 1930 1067 1894 1540 1847 1206 1197 1270 1165 1169 1176 1227 1374 1308 1991 1822 1702 1450 1044 1638 1837 1729 1086 1000 1541 1400 1594 1412 1687 BCNSPRNW ULIB Ver.6.0+V

เปลี่ยนเป็นภาษาไทย

Change to English
 แสดงรายละเอียดบรรณานุกรม
  กลับหน้าหลัก

Brief Record : Get Marc (ISO 2709) : E-mail record : QR code < ปิดหน้าต่าง
LEADER : 00000nam 2200000uu 4500
001    13399120152
003     ULIB
008    120905s2553||||th 000 0 tha d
020    ^a9789749770702 (ล.1)
060  4 ^aWY150^bซ166ก ล.1
100 0  ^aชมนาด วรรณพรสิริ
245 00 ^aการพยาบาลผู้ใหญ่ เล่ม1/^cบรรณาธิการ:ชมนาด วรรณพรสิริ,วราภรณ์ สัตยวงศ์
250    ^aพิมพ์ครั้งที่ 3
260    ^aนนทบุรี:^bโครงการสวัสดิการ สถาบันพระบรมราชชนก,^c2553
300    ^a345 หน้า:^bภาพประกอบ
650  7 ^aการพยาบาลโรคเฉพาะทาง
650  7 ^aการพยาบาลผู้ใหญ่
945    ^p320^l0^i032720
945    ^p320^l0^i032721
945    ^p320^l0^i032722
945    ^p320^l0^i032723
945    ^p320^l0^i032724
995    ^aทศพร
999    ^aทศพร
รายการนี้ยังไม่มีแท็ก
คุณยังไม่ได้ล็อกอิน คุณสามารถมีกิจกรรมร่วมกับเว็บไซต์ได้ แต่ต้องล็อกอินก่อน ::
  ล็อกอิน

รายการสื่อสารสนเทศ

ลำดับที่ ประเภท เลขเรียก/บาร์โค้ด สถานที่ สถานะ
1. วิทยาศาสตร์การแพทย์ และสุขภาพ
หนังสือสำรอง
สถานะ=หนังสือสำรอง
WY150 ซ166ก ล.1 ฉ.1 
  Barcode: 032720
ห้องสมุดวิทยาเขตสวรรค์ประชารักษ์
►ส่วนจัดเก็บหนังสือเก่า สปร
บนชั้น
  ขอยืม
2. วิทยาศาสตร์การแพทย์ และสุขภาพ
วิทยาศาสตร์การแพทย์ และสุขภาพ
WY150 ซ166ก ล.1 ฉ.2 
  Barcode: 032721
ห้องสมุดวิทยาเขตสวรรค์ประชารักษ์
►ส่วนจัดเก็บหนังสือเก่า สปร
บนชั้น
  ขอยืม
3. วิทยาศาสตร์การแพทย์ และสุขภาพ
วิทยาศาสตร์การแพทย์ และสุขภาพ
WY150 ซ166ก ล.1 ฉ.3 
  Barcode: 032722
ห้องสมุดวิทยาเขตสวรรค์ประชารักษ์
►ส่วนจัดเก็บหนังสือเก่า สปร
บนชั้น
  ขอยืม
4. วิทยาศาสตร์การแพทย์ และสุขภาพ
วิทยาศาสตร์การแพทย์ และสุขภาพ
WY150 ซ166ก ล.1 ฉ.5 
  Barcode: 032724
ห้องสมุดวิทยาเขตสวรรค์ประชารักษ์
►ส่วนจัดเก็บหนังสือเก่า สปร
บนชั้น
  ขอยืม

รายการใกล้เคียง
    ผู้แต่ง [ชมนาด วรรณพรสิริ]

    หัวเรื่อง [การพยาบาลโรคเฉพาะทาง]
    หัวเรื่อง [การพยาบาลผู้ใหญ่]

BibComment


ยังไม่เคยถูกคอมเมนท์

คอมเมนท์ทรัพยากรรายการนี้
  คอมเมนท์: การพยาบาลผู้ใหญ่..


 Copyright 2026. Bcnsprnw @Library